مكتبة جامعة عجلون الوطنية

فهرس بحث المكتبة

Normal view MARC view
  • تأليف: الطبري ؛ هذبه وحققه وضبط نصه وعلق عليه: بشار عواد معروف، عصام فارس الحرستاني

Entry Personal Name

Number of records used in: 1

001 - CONTROL NUMBER

  • control field: 59084

003 - CONTROL NUMBER IDENTIFIER

  • control field: JO-AjAnu

005 - DATE AND TIME OF LATEST TRANSACTION

  • control field: 20230606083650.0

008 - FIXED-LENGTH DATA ELEMENTS

  • fixed length control field: 230606|| aca||aabn | a|a d

040 ## - CATALOGING SOURCE

  • Original cataloging agency: JO-AjAnu
  • Transcribing agency: JO-AjAnu

100 ## - HEADING--PERSONAL NAME

  • Personal name: تأليف: الطبري ؛ هذبه وحققه وضبط نصه وعلق عليه: بشار عواد معروف، عصام فارس الحرستاني

670 ## - SOURCE DATA FOUND

  • Source citation: Work cat.: (JO-AjAnu)30138: تأليف: الطبري ؛ هذبه وحققه وضبط نصه وعلق عليه: بشار عواد معروف، عصام فارس الحرستاني, author, تفسير الطبري من كتابه جامع البيان عن تأويل آي القرآن، مج4 الانفال الى النحل